1447 1456 1609 1027 1804 1918 1963 1066 1354 1004 1180 1248 1382 1678 1506 1164 1453 1792 1028 1710 1171 1908 1685 1508 1104 1451 1808 1596 1707 1658 1215 1166 1443 1730 1778 1304 1066 1083 1185 1790 1104 1574 1940 1101 1444 1860 1582 1326 1985 1496 1495 1711 1011 1312 1386 1486 1343 1402 1230 1931 1263 1333 1817 1870 1716 1563 1165 1773 1068 1374 1188 1946 1921 1816 1852 1826 1536 1959 1819 1153 1193 1746 1990 1536 1604 1512 1771 1324 1805 1843 1885 1770 1827 1774 1557 1179 1642 1110 1443 BCNSPRNW ULIB Ver.6.0+V

เปลี่ยนเป็นภาษาไทย

Change to English
 แสดงรายละเอียดบรรณานุกรม
  กลับหน้าหลัก

Brief Record : Get Marc (ISO 2709) : E-mail record : QR code < ปิดหน้าต่าง
LEADER : 00000nam 2200000uu 4500
001    13399126281
003     ULIB
008    180827s2560||||th 000 0 tha d
020    ^a9786164453265
060    ^aWG140 อ114T
100    ^aองค์การ เรืองรัตนอัมพร ไพศาล บุญศิริดำชัย และดำรงค์ สุกิจปัญญาโรจน์
245    ^aThe Electrocardiography : Self Study, Book I
250    ^aพิมพ์ครั้งที่ 1
260    ^aกรุงเทพฯ :^bพี เอ็น เค แอนด์ สกายพริ้นติ้งส์,^c2560
300    ^a258 หน้า^bภาพประกอบ
650    ^aคลื่นไฟฟ้าหัวใจ^xแปลผล
650    ^aThe Electrocardiography
945    ^p350^l0^i004494
945    ^p350^l0^i004493
945    ^p350^l0^i004495
945    ^p350^l0^i011309
945    ^p350^l0^i011310
945    ^p350^l0^i011311
945    ^p350^l0^i011312
945    ^p350^l0^i011313
999    ^aประนอม เกษจรัล
รายการนี้ยังไม่มีแท็ก
คุณยังไม่ได้ล็อกอิน คุณสามารถมีกิจกรรมร่วมกับเว็บไซต์ได้ แต่ต้องล็อกอินก่อน ::
  ล็อกอิน

รายการสื่อสารสนเทศ

ลำดับที่ ประเภท เลขเรียก/บาร์โค้ด สถานที่ สถานะ
1. วิทยาศาสตร์การแพทย์ และสุขภาพ
หนังสือสำรอง
สถานะ=หนังสือสำรอง
WG140 อ114T ฉ.1 
  Barcode: 004493
ห้องสมุดวิทยาเขตสวรรค์ประชารักษ์
►หนังสือทั่วไป
บนชั้น
2. วิทยาศาสตร์การแพทย์ และสุขภาพ
วิทยาศาสตร์การแพทย์ และสุขภาพ
WG140 อ114T ฉ.2 
  Barcode: 004494
ห้องสมุดวิทยาเขตสวรรค์ประชารักษ์
►หนังสือทั่วไป
บนชั้น
3. วิทยาศาสตร์การแพทย์ และสุขภาพ
วิทยาศาสตร์การแพทย์ และสุขภาพ
WG140 อ114T ฉ.3 
  Barcode: 004495
ห้องสมุดวิทยาเขตสวรรค์ประชารักษ์
►หนังสือทั่วไป
บนชั้น
4. วิทยาศาสตร์การแพทย์ และสุขภาพ
วิทยาศาสตร์การแพทย์ และสุขภาพ
WG140 อ114T ฉ.4 
  Barcode: 011309
ห้องสมุดวิทยาเขตสวรรค์ประชารักษ์
►หนังสือทั่วไป
บนชั้น
5. วิทยาศาสตร์การแพทย์ และสุขภาพ
วิทยาศาสตร์การแพทย์ และสุขภาพ
WG140 อ114T ฉ.5 
  Barcode: 011310
ห้องสมุดวิทยาเขตสวรรค์ประชารักษ์
►หนังสือทั่วไป
บนชั้น
6. วิทยาศาสตร์การแพทย์ และสุขภาพ
วิทยาศาสตร์การแพทย์ และสุขภาพ
WG140 อ114T ฉ.6 
  Barcode: 011311
ห้องสมุดวิทยาเขตสวรรค์ประชารักษ์
►หนังสือทั่วไป
บนชั้น
7. วิทยาศาสตร์การแพทย์ และสุขภาพ
วิทยาศาสตร์การแพทย์ และสุขภาพ
WG140 อ114T ฉ.7 
  Barcode: 011312
ห้องสมุดวิทยาเขตสวรรค์ประชารักษ์
►หนังสือทั่วไป
บนชั้น
8. วิทยาศาสตร์การแพทย์ และสุขภาพ
วิทยาศาสตร์การแพทย์ และสุขภาพ
WG140 อ114T ฉ.8 
  Barcode: 011313
ห้องสมุดวิทยาเขตสวรรค์ประชารักษ์
►หนังสือทั่วไป
บนชั้น

รายการใกล้เคียง
    ชื่อเรื่อง [The Electrocardiography : Self Study, Book I]

    ผู้แต่ง [องค์การ เรืองรัตนอัมพร ไพศาล บุญศิริดำชัย และดำรงค์ สุกิจปัญญาโรจน์]

    หัวเรื่อง [The Electrocardiography]

BibComment


ยังไม่เคยถูกคอมเมนท์

คอมเมนท์ทรัพยากรรายการนี้
  คอมเมนท์: The Electrocardi..


 Copyright 2026. Bcnsprnw @Library